000 00550nam a2200205Ia 4500
005 20250508170052.0
008 008 250505s9999 xx 000 0 eng d
020 _a978-93-87851-46-7
037 _aTextual
040 _aFEDL
_beng
_cFEDL
041 _aeng
_2eng
084 _a820, MUL
_qFEDL
100 _aMullaney Julie
245 0 _aPostcolonial literatures in context
260 _aNew Delhi, India
_bBloomsbury
_c2010
300 _avii, 155p.
365 _aINR
_b399
942 _cTEXL
_h820, MUL
999 _c1399041
_d1399041